书目信息 |
| 题名: |
饭店质量管理
|
|
| 作者: | 孙晨阳 著 | |
| 分册: | ||
| 出版信息: | 北京 旅游教育出版社 2008.04 |
|
| 页数: | 263页 | |
| 开本: | 20cm | |
| 丛书名: | ||
| 单 册: | ||
| 中图分类: | F719.3 | |
| 科图分类: | ||
| 主题词: | 商业经济--国内 | |
| 电子资源: | ||
| ISBN: | 978-7-5637-1591-6 | |
| 000 | 00582nam0 2200217 45 | |
| 001 | 0959925945 | |
| 005 | 20091021164001.18 | |
| 010 | @a978-7-5637-1591-6@dCNY36.00 | |
| 100 | @a20090515d2008 ekmy0 y0120 ea | |
| 102 | @aCN@b130000 | |
| 102 | @aCN@b110000 | |
| 105 | @ay z 000yy | |
| 200 | 1 | @a饭店质量管理@f孙晨阳著@Fsun chen yang zhu |
| 210 | @a北京@c旅游教育出版社@d2008.04 | |
| 215 | @a263页@d20cm | |
| 606 | 0 | @a商业经济@x国内 |
| 690 | @aF719.3@v4 | |
| 701 | 0 | @a孙晨阳@Asun chen yang@4著 |
| 801 | 0 | @aCN@c20091021 |
| 905 | @a10447@dF719.3@eS9002 | |
| 906 | @d36@n2@r1 | |
| 饭店质量管理/孙晨阳著.-北京:旅游教育出版社,2008.04 |
| 263页;20cm |
| ISBN 978-7-5637-1591-6:CNY36.00 |
| ● |
| 相关链接 |
|
|
|
正题名:饭店质量管理
索取号:F719.3/S9002
 
预约/预借
| 序号 | 登录号 | 条形码 | 馆藏地/架位号 | 状态 | 备注 |
| 1 | 657590 | 206575909 | 社科库409/409社科库 46排6列4层/ [索取号:F719.3/S9002] | 在馆 | |
| 2 | 657591 | 206575918 | 社科库409/409社科库 46排6列4层/ [索取号:F719.3/S9002] | 在馆 | |
| 3 | 657592 | 206575927 | 社科库409/409社科库 46排6列4层/ [索取号:F719.3/S9002] | 在馆 |